7 Weltwunder der Moderne - Statistiken

Allgemein
  • Dieses Quiz wurde 571 mal gespielt
  • Das Durchschnittsergebnis liegt bei 5 aus 7
Antwortstatistiken
Land Weltwunder der Moderne % Korrekt
China Chinesische Mauer
91%
Indien Taj Mahal
83%
Italien Kolosseum
78%
Peru Machu Picchu
75%
Jordanien Petra
61%
Brasilien Cristo Redentor
57%
Mexiko Chichén Itzá
43%
Keine übereinstimmenden Quizze gefunden
Verteilung der Resultate
Anzahl Personen mit jedem Resultat
Perzentil nach korrekt beantworteten Fragen
Ihre Resultats-Entwicklung
Sie haben dieses Quiz noch nicht gespielt